Prometeo / (Record no. 19112)

MARC details
000 -CABECERA
campo de control de longitud fija 00674naa a22002177a 4500
001 - NÚMERO DE CONTROL
campo de control vtls000022245
003 - IDENTIFICADOR DEL NÚMERO DE CONTROL
campo de control ES-BaIT
005 - FECHA Y HORA DE LA ÚLTIMA TRANSACCIÓN
campo de control 20260303153424.0
007 - CAMPO FIJO DE DESCRIPCIÓN FÍSICA--INFORMACIÓN GENERAL
campo de control de longitud fija t|
008 - DATOS DE LONGITUD FIJA--INFORMACIÓN GENERAL
campo de control de longitud fija 111114s1996 sp |||||| |00| |spa|d
010 ## - NÚMERO DE CONTROL DE LA BIBLIOTECA DEL CONGRESO
Número de control de LC 22245
035 ## - NÚMERO DE CONTROL DEL SISTEMA
Número de control de sistema 0022-24560
039 #9 - NIVEL DE CONTROL BIBLIOGRÁFICO Y DETALLES DE CODIFICACIÓN [OBSOLETO]
Nivel de reglas en descripción bibliográfica 201701301335
Nivel de esfuerzo utilizado para asignar no-encabezamientos de materia en puntos de acceso AUTHORITY
Nivel de esfuerzo utilizado en la asignación de encabezamientos de materia 201403072249
Nivel de esfuerzo utilizado para asignar clasificación VLOAD
Nivel de esfuerzo utilizado en la asignación de encabezamientos de materia 201303091946
Nivel de esfuerzo utilizado para asignar clasificación VLOAD
Nivel de esfuerzo utilizado en la asignación de encabezamientos de materia 201111141518
Nivel de esfuerzo utilizado para asignar clasificación VLOAD
100 1# - ENTRADA PRINCIPAL--NOMBRE DE PERSONA
Nombre de persona García, Rodrigo,
Fechas asociadas al nombre 1964-
9 (RLIN) 66514
245 10 - MENCIÓN DE TÍTULO
Título Prometeo /
Mención de responsabilidad, etc. Rodrigo García
500 ## - NOTA GENERAL
Nota general P4: D2, H2
773 0# - ENLACE AL DOCUMENTO FUENTE/ENTRADA DE REGISTRO ANFITRIÓN
Edición Madrid : Fundamentos, 1996
Número de control del registro vtls000022231
Número Internacional Estándar del Libro 84-245-0740-1
Número bibliográfico anfitrión 19100
Título Teatro de la España demócrata : los noventa
790 ## - Identificador-font
w 0022-23160
790 ## - Identificador-font
a 002223160
942 ## - ELEMENTOS DE ENTRADA AGREGADA (KOHA)
Tipo de ítem Koha Article
Fuente del sistema de clasificación o colocación Clasificación decimal universal

No items available.

Powered by Koha